000 00574nam a2200229Ia 4500
003 OSt
005 20221007082307.0
006 a|||||r|||| 00| 0
007 ta
008 221006b |||||||| |||| 00| 0 eng d
024 _a9,828
037 _cReference Collections
040 _aFLL
_cFLL
_beng
041 _2eng
_aeng
082 _aZ:91, L4
100 _aBodenleimer E. Au.
_9698979
245 0 _aJurisprudence
260 _c1974
300 _a463p
_ccm.
942 _hZ:91, L4
_cREF
_2CC
999 _c1165956
_d1165956